000 01682nam a2200349 c 4500
003 BLK
005 20180422100323.0
008 180408b bul|||||r ||||||| ||bul||
010 _aKNG00037478000
020 _a954-529-189-3
_bиздат.: Колибри
040 _aBLK
041 _aBUL
_cBUL
080 _aБългарска литература
_b821.163.2
_x-992
_z821.163.2-992
080 _aСоциография. Социално положение. Условия на политическия и социалния живот. Социално и социално-икономическо положение на отделните страни, народи, раси. Социална география. (Общи въпроси)
_b308
_x(520)
_z308(520)
100 1 _aИлчев, Иван
_eпърви автор
_gДимитров, Иван Илчев
_9366324
700 1 _aДимитров, Иван Илчев
_e*
_9273868
139 _aИлчев, Иван
_bИ 58
245 1 0 _aПо на запад, най на запад - Япония
_bПисма на един гайджин
_cИван Илчев; * Иван Илчев Димитров.
257 _aBGR
260 София
_bКолибри
_c2001
_fСофия : Симолини
300 _a231 с.
_c17 см
380 _aX
500 _aПълното име на авт. е Иван Илчев Димитров. - Офс. изд.
650 4 _aЯпония - пътеписи
_9254294
653 _aЯпония
653 _aпътеписи
852 _aЦб І 30443
856 4 _qpdf
_u
856 4 _qpdf
_u
942 _cKNG
_n0
944 _aCR
_c15.01.2003
_kЛюдмила_Стоянова
944 _aED
_c13.01.2004
_k
999 _c34771
_d34771